[Event "Szuperliga - GM Szabo Laszlo"]
[Site "Szombathely"]
[Date "2023.10.29"]
[Round "2.4"]
[White "Ruck, Robert"]
[Black "Berczes, David"]
[Result "1-0"]
[WhiteElo "2533"]
[BlackElo "2445"]
[PlyCount "101"]
[EventDate "2023.10.28"]
[EventType "team-tourn"]
[EventRounds "9"]
[EventCountry "HUN"]
[Source "chess.hu"]
[WhiteTeam "Haladas VSE"]
[BlackTeam "Aquarena Kobanya SC"]
[WhiteTeamCountry "HUN"]
[BlackTeamCountry "HUN"]

1. Nf3 Nf6 2. c4 e6 3. Nc3 Bb4 4. g3 O-O 5. Bg2 d5 6. a3 Be7 7. d4 dxc4 8. Ne5
Nc6 9. Bxc6 bxc6 10. Nxc6 Qe8 11. Nxe7+ Qxe7 12. Qa4 c5 13. Qxc4 cxd4 14. Qxd4
e5 15. Qh4 Qe6 16. O-O Bb7 17. e4 Rac8 18. Be3 Ng4 19. Bxa7 f5 20. f3 Qa6 21.
Bf2 Nxf2 22. Rxf2 fxe4 23. Nxe4 Qb6 24. Kg2 Qe3 25. Qg4 h5 26. Qe6+ Kh8 27.
Qxe5 Rxf3 28. Qxh5+ Kg8 29. Rxf3 Qxe4 30. Qf7+ Kh8 31. Qh5+ Kg8 32. Qf7+ Kh8
33. Raf1 Rc2+ 34. R1f2 Rxf2+ 35. Kxf2 Qc2+ 36. Kg1 Qc1+ 37. Rf1 Qc5+ 38. Qf2
Qc6 39. Qf8+ Kh7 40. Qf5+ Kg8 41. Qf7+ Kh8 42. Qh5+ Kg8 43. Qe2 Qc5+ 44. Rf2
Qc6 45. Rf4 Qc5+ 46. Qf2 Qc1+ 47. Qf1 Qe3+ 48. Rf2 Kh7 49. Qd1 Kg8 50. Qd8+ Kh7
51. Qd2 1-0

[Event "Szuperliga - GM Szabo Laszlo"]
[Site "Szombathely"]
[Date "2023.10.29"]
[Round "2.5"]
[White "Roganovic, Milos"]
[Black "Nemeth, Miklos"]
[Result "1/2-1/2"]
[WhiteElo "2447"]
[BlackElo "2425"]
[PlyCount "53"]
[EventDate "2023.10.28"]
[EventType "team-tourn"]
[EventRounds "9"]
[EventCountry "HUN"]
[Source "chess.hu"]
[WhiteTeam "Aquarena Kobanya SC"]
[BlackTeam "Haladas VSE"]
[WhiteTeamCountry "HUN"]
[BlackTeamCountry "HUN"]

1. e4 e5 2. Nf3 Nc6 3. Bc4 Nf6 4. d3 h6 5. O-O d6 6. c3 g6 7. d4 Qe7 8. dxe5
Nxe5 9. Nxe5 dxe5 10. Qe2 Bg7 11. b3 O-O 12. Ba3 c5 13. b4 Be6 14. Nd2 Rfd8 15.
Bxe6 Qxe6 16. bxc5 Qc6 17. Rfd1 Bf8 18. Qe3 Qa4 19. c4 Rac8 20. Qb3 Qa5 21. Bb4
Qc7 22. Qf3 Qc6 23. Bc3 Re8 24. Bb4 Red8 25. Bc3 Re8 26. Bb4 Red8 27. Bc3
1/2-1/2

[Event "Szuperliga - GM Szabo Laszlo"]
[Site "Szombathely"]
[Date "2023.10.29"]
[Round "2.6"]
[White "Kovacs, Gabor"]
[Black "Karacsonyi, Gellert"]
[Result "1/2-1/2"]
[WhiteElo "2398"]
[BlackElo "2375"]
[PlyCount "61"]
[EventDate "2023.10.28"]
[EventType "team-tourn"]
[EventRounds "9"]
[EventCountry "HUN"]
[Source "chess.hu"]
[WhiteTeam "Haladas VSE"]
[BlackTeam "Aquarena Kobanya SC"]
[WhiteTeamCountry "HUN"]
[BlackTeamCountry "HUN"]

1. d4 d5 2. c4 e6 3. Nc3 Nf6 4. Nf3 dxc4 5. e3 a6 6. Bxc4 b5 7. Be2 Bb7 8. O-O
Nbd7 9. b3 c5 10. Bb2 Be7 11. Qd3 O-O 12. Rfd1 Qb6 13. Rac1 Rfd8 14. Qb1 Rac8
15. Qa1 cxd4 16. Nxd4 Nc5 17. b4 Nce4 18. a3 Nxc3 19. Rxc3 Rxc3 20. Bxc3 Bf8
21. Nf3 Rxd1+ 22. Qxd1 Qc6 23. Bb2 Ne4 24. Bf1 Qd5 25. Qxd5 Bxd5 26. Bd3 f6 27.
Bc1 Kf7 28. Nd2 Nxd2 29. Bxd2 h6 30. f3 Bd6 31. e4 1/2-1/2

[Event "Szuperliga - GM Szabo Laszlo"]
[Site "Szombathely"]
[Date "2023.10.29"]
[Round "2.7"]
[White "Szabo, Bence"]
[Black "Csonka, Attila Istvan"]
[Result "1/2-1/2"]
[WhiteElo "2343"]
[BlackElo "2297"]
[PlyCount "36"]
[EventDate "2023.10.28"]
[EventType "team-tourn"]
[EventRounds "9"]
[EventCountry "HUN"]
[Source "chess.hu"]
[WhiteTeam "Aquarena Kobanya SC"]
[BlackTeam "Haladas VSE"]
[WhiteTeamCountry "HUN"]
[BlackTeamCountry "HUN"]

1. c4 c5 2. Nf3 Nf6 3. Nc3 e6 4. g3 d5 5. cxd5 exd5 6. d4 Nc6 7. Bg2 Be7 8. O-O
O-O 9. dxc5 Bxc5 10. Na4 Be7 11. Be3 Re8 12. Rc1 Bg4 13. Nc5 Qb6 14. Ne6 Qa5
15. Bd2 Qb6 16. Be3 Qa5 17. Bd2 Qb6 18. Be3 Qa5 1/2-1/2

[Event "Szuperliga - GM Szabo Laszlo"]
[Site "Szombathely"]
[Date "2023.10.29"]
[Round "2.8"]
[White "Gombocz, Ferenc Jr"]
[Black "Krizsany, Laszlo"]
[Result "1/2-1/2"]
[WhiteElo "2314"]
[BlackElo "2351"]
[PlyCount "61"]
[EventDate "2023.10.28"]
[EventType "team-tourn"]
[EventRounds "9"]
[EventCountry "HUN"]
[Source "chess.hu"]
[WhiteTeam "Haladas VSE"]
[BlackTeam "Aquarena Kobanya SC"]
[WhiteTeamCountry "HUN"]
[BlackTeamCountry "HUN"]

1. d4 Nf6 2. Nf3 d5 3. Bf4 c5 4. e3 Nc6 5. Nbd2 Bg4 6. c3 e6 7. Be2 Qb6 8. Qb3
c4 9. Qxb6 axb6 10. Ne5 Bxe2 11. Kxe2 Be7 12. h3 Nxe5 13. Bxe5 b5 14. a3 Kd7
15. Nf3 Bd6 16. Bxd6 Kxd6 17. Ne5 Rhf8 18. Rhg1 Nd7 19. Nxd7 Kxd7 20. f4 f6 21.
g4 e5 22. fxe5 fxe5 23. Rgf1 e4 24. Rxf8 Rxf8 25. Rf1 Rxf1 26. Kxf1 g5 27. Ke2
Kc6 28. Kd2 Kb6 29. Kc2 Ka5 30. b3 Ka6 31. b4 1/2-1/2

[Event "Szuperliga - GM Szabo Laszlo"]
[Site "Szombathely"]
[Date "2023.10.29"]
[Round "2.9"]
[White "Havanecz, Bianka"]
[Black "Sardy, Peter Dr"]
[Result "1/2-1/2"]
[WhiteElo "2196"]
[BlackElo "2396"]
[PlyCount "90"]
[EventDate "2023.10.28"]
[EventType "team-tourn"]
[EventRounds "9"]
[EventCountry "HUN"]
[Source "chess.hu"]
[WhiteTeam "Aquarena Kobanya SC"]
[BlackTeam "Haladas VSE"]
[WhiteTeamCountry "HUN"]
[BlackTeamCountry "HUN"]

1. d4 d6 2. c4 e5 3. Nc3 exd4 4. Qxd4 Nc6 5. Qd2 g6 6. b3 Bg7 7. Bb2 Nf6 8. g3
O-O 9. Bg2 Re8 10. Nf3 Bf5 11. O-O a5 12. Rfd1 Ne4 13. Nxe4 Bxe4 14. a3 Qe7 15.
Rac1 Rad8 16. Bxg7 Kxg7 17. Qc3+ Qf6 18. e3 b6 19. Qxf6+ Kxf6 20. Nd4 Bxg2 21.
Kxg2 Nxd4 22. Rxd4 Re5 23. Rcd1 Rb8 24. Rd5 Ke6 25. a4 Rc8 26. h4 Rxd5 27. Rxd5
c6 28. Rd4 f5 29. Kf3 Ke5 30. g4 h5 31. g5 d5 32. Ke2 Kd6 33. f3 Kc5 34. Kd3
Rd8 35. Kc3 Re8 36. Kd3 Rd8 37. Kc3 Re8 38. Kd3 Re5 39. Rf4 Kd6 40. e4 dxc4+
41. bxc4 c5 42. Kd2 Ke7 43. Kd3 Kd7 44. Kd2 Kd6 45. Kd3 Kd7 1/2-1/2

[Event "Szuperliga - GM Szabo Laszlo"]
[Site "Szombathely"]
[Date "2023.10.29"]
[Round "2.10"]
[White "Lakos, Nikoletta"]
[Black "Karacsonyi, Kata"]
[Result "1-0"]
[WhiteElo "2210"]
[BlackElo "2092"]
[PlyCount "121"]
[EventDate "2023.10.28"]
[EventType "team-tourn"]
[EventRounds "9"]
[EventCountry "HUN"]
[Source "chess.hu"]
[WhiteTeam "Haladas VSE"]
[BlackTeam "Aquarena Kobanya SC"]
[WhiteTeamCountry "HUN"]
[BlackTeamCountry "HUN"]

1. e4 c5 2. b3 g6 3. Bb2 Nf6 4. Nc3 Nc6 5. Nd5 Bg7 6. g3 d6 7. Bg2 O-O 8. Ne2
Nxd5 9. Bxg7 Kxg7 10. exd5 Ne5 11. d4 cxd4 12. Qxd4 Kg8 13. f4 Bh3 14. O-O Bxg2
15. Kxg2 Ng4 16. h3 Nf6 17. c4 Qa5 18. Nc3 Qc5 19. Qxc5 dxc5 20. Rfe1 e6 21.
dxe6 fxe6 22. Rxe6 Rad8 23. Rae1 Rd3 24. R1e3 Rd2+ 25. Re2 Rd3 26. R2e3 Rd2+
27. Re2 Rd3 28. R6e3 Rfd8 29. Kf3 Kf7 30. Nb5 a6 31. Nc3 Rxe3+ 32. Kxe3 Rd6 33.
Rd2 Re6+ 34. Kf3 h5 35. g4 hxg4+ 36. hxg4 b6 37. g5 Ne8 38. Rd7+ Kf8 39. Ne4
Rc6 40. Nc3 Nd6 41. Nd5 Nf5 42. Rb7 Nd4+ 43. Ke4 Re6+ 44. Kd3 b5 45. Rb6 Kf7
46. Rb7+ Kf8 47. Rb8+ Kf7 48. Rb7+ Kf8 49. Rb6 Kf7 50. Rxe6 Kxe6 51. Nc7+ Kd6
52. Nxa6 Ne6 53. cxb5 Nxf4+ 54. Kc4 Ne6 55. a4 Nxg5 56. Nxc5 Nf7 57. Kd4 g5 58.
a5 g4 59. Ne4+ Kc7 60. Kc5 Nd6 61. b6+ 1-0

[Event "Szuperliga - GM Szabo Laszlo"]
[Site "Mako"]
[Date "2023.10.29"]
[Round "2.1"]
[White "Plat, Vojtech"]
[Black "Mihok, Oliver"]
[Result "1/2-1/2"]
[WhiteElo "2503"]
[BlackElo "2555"]
[PlyCount "64"]
[EventDate "2023.10.28"]
[EventType "team-tourn"]
[EventRounds "9"]
[EventCountry "HUN"]
[Source "chess.hu"]
[WhiteTeam "Viadukt Biatorbagy"]
[BlackTeam "Duocor-Makoi SVSE"]
[WhiteTeamCountry "HUN"]
[BlackTeamCountry "HUN"]

1. e4 e5 2. Nf3 Nf6 3. Nxe5 Nxe4 4. Qe2 Qe7 5. Qxe4 d6 6. d4 dxe5 7. dxe5 Nc6
8. Nc3 Qxe5 9. Qxe5+ Nxe5 10. Bf4 Bd6 11. Bg3 h5 12. O-O-O f6 13. Nb5 h4 14.
Nxd6+ cxd6 15. Bf4 g5 16. Be3 Ke7 17. f4 gxf4 18. Bxf4 Bf5 19. Be2 Be4 20. Rhg1
Rac8 21. c3 d5 22. g4 hxg3 23. Bxg3 a6 24. Bxe5 fxe5 25. Rg7+ Kd6 26. Bg4 Rc7
27. Rxc7 Kxc7 28. h3 Rf8 29. Rd2 Rf1+ 30. Rd1 Rf2 31. Rd2 Rf1+ 32. Rd1 Rf2
1/2-1/2

[Event "Szuperliga - GM Szabo Laszlo"]
[Site "Mako"]
[Date "2023.10.29"]
[Round "2.2"]
[White "Csonka, Balazs"]
[Black "Mazur, Stefan"]
[Result "1/2-1/2"]
[WhiteElo "2469"]
[BlackElo "2460"]
[PlyCount "70"]
[EventDate "2023.10.28"]
[EventType "team-tourn"]
[EventRounds "9"]
[EventCountry "HUN"]
[Source "chess.hu"]
[WhiteTeam "Duocor-Makoi SVSE"]
[BlackTeam "Viadukt Biatorbagy"]
[WhiteTeamCountry "HUN"]
[BlackTeamCountry "HUN"]

1. d4 d5 2. c4 c6 3. Nf3 Nf6 4. Nc3 e6 5. Bg5 Nbd7 6. e3 Qa5 7. Nd2 dxc4 8.
Bxf6 Nxf6 9. Nxc4 Qc7 10. g3 Be7 11. Bg2 O-O 12. O-O Rd8 13. Rc1 Bd7 14. Qf3
Rac8 15. Ne5 Be8 16. Nd3 Qa5 17. a3 c5 18. Nxc5 Bxc5 19. dxc5 Bc6 20. Qe2 Bxg2
21. Kxg2 Qxc5 22. Rfd1 Qb6 23. Qb5 Qxb5 24. Nxb5 a6 25. Rxd8+ Rxd8 26. Nd6 g5
27. Nxb7 Rd2 28. Rc4 Rxb2 29. Nc5 h5 30. h3 g4 31. h4 a5 32. Kf1 Nd5 33. Nd7
Kg7 34. e4 Ne7 35. Rc7 Ng6 1/2-1/2

[Event "Szuperliga - GM Szabo Laszlo"]
[Site "Mako"]
[Date "2023.10.29"]
[Round "2.3"]
[White "Sipos, Istvan"]
[Black "Saric, Sinisa"]
[Result "1/2-1/2"]
[WhiteElo "2464"]
[BlackElo "2373"]
[PlyCount "61"]
[EventDate "2023.10.28"]
[EventType "team-tourn"]
[EventRounds "9"]
[EventCountry "HUN"]
[Source "chess.hu"]
[WhiteTeam "Viadukt Biatorbagy"]
[BlackTeam "Duocor-Makoi SVSE"]
[WhiteTeamCountry "HUN"]
[BlackTeamCountry "HUN"]

1. e4 e5 2. Nf3 Nf6 3. Nxe5 d6 4. Nf3 Nxe4 5. Nc3 Nxc3 6. dxc3 Be7 7. Be3 Nc6
8. Qd2 Bf5 9. Bd3 Qd7 10. O-O-O O-O-O 11. Bxf5 Qxf5 12. Qd5 Qxd5 13. Rxd5 Bf6
14. Bg5 Bxg5+ 15. Nxg5 Rd7 16. Re1 h6 17. Nf3 Re7 18. Rxe7 Nxe7 19. Rd3 Nc6 20.
Nd4 Nxd4 21. cxd4 d5 22. Kd2 Kd7 23. Re3 h5 24. h4 g6 25. a4 a5 26. Rf3 Ke6 27.
Re3+ Kd7 28. Rf3 Ke6 29. Re3+ Kd7 30. Rf3 Ke6 31. Re3+ 1/2-1/2

[Event "Szuperliga - GM Szabo Laszlo"]
[Site "Mako"]
[Date "2023.10.29"]
[Round "2.4"]
[White "Hujbert, Florian"]
[Black "Bokros, Albert"]
[Result "0-1"]
[WhiteElo "2411"]
[BlackElo "2447"]
[PlyCount "62"]
[EventDate "2023.10.28"]
[EventType "team-tourn"]
[EventRounds "9"]
[EventCountry "HUN"]
[Source "chess.hu"]
[WhiteTeam "Duocor-Makoi SVSE"]
[BlackTeam "Viadukt Biatorbagy"]
[WhiteTeamCountry "HUN"]
[BlackTeamCountry "HUN"]

1. Nf3 Nf6 2. c4 e6 3. Nc3 d5 4. e3 Be7 5. b3 O-O 6. Bb2 b6 7. cxd5 exd5 8. g3
Bb7 9. Bg2 Nbd7 10. O-O Re8 11. Rc1 a6 12. Ne2 Bf8 13. Rc2 Rc8 14. Nf4 a5 15.
a4 Ba6 16. Nd4 Ne5 17. Nc6 Nxc6 18. Rxc6 Bxf1 19. Kxf1 Bd6 20. Bxf6 Qxf6 21.
Nxd5 Qf5 22. d4 Rcd8 23. Kg1 h5 24. Nc3 h4 25. g4 Bxh2+ 26. Kf1 Qd7 27. Bd5 Bd6
28. e4 Re6 29. Rc4 Rg6 30. f3 Bb4 31. Ne2 c6 0-1

[Event "Szuperliga - GM Szabo Laszlo"]
[Site "Mako"]
[Date "2023.10.29"]
[Round "2.5"]
[White "Bagi, Mate"]
[Black "Horvath, Zsolt"]
[Result "1/2-1/2"]
[WhiteElo "2446"]
[BlackElo "2377"]
[PlyCount "73"]
[EventDate "2023.10.28"]
[EventType "team-tourn"]
[EventRounds "9"]
[EventCountry "HUN"]
[Source "chess.hu"]
[WhiteTeam "Viadukt Biatorbagy"]
[BlackTeam "Duocor-Makoi SVSE"]
[WhiteTeamCountry "HUN"]
[BlackTeamCountry "HUN"]

1. e4 c5 2. Nf3 d6 3. d4 cxd4 4. Qxd4 Nc6 5. Qe3 g6 6. Be2 Bg7 7. O-O Nf6 8. h3
O-O 9. Rd1 Be6 10. Nc3 Rc8 11. Rb1 Qc7 12. Bf1 a6 13. Nd5 Bxd5 14. exd5 Na5 15.
c3 Rfe8 16. Qf4 b5 17. a4 Qb7 18. axb5 axb5 19. Qb4 Nc4 20. b3 Nxd5 21. Rxd5
Qxd5 22. bxc4 bxc4 23. Nd2 Qe5 24. Nxc4 Qxc3 25. Qb5 Qc2 26. Be3 Qe4 27. Nb6
Rb8 28. Rd1 Red8 29. Be2 Qe5 30. Qc6 Bh6 31. Bxh6 Qxe2 32. Rc1 f6 33. Be3 Qd3
34. Nd5 Kf7 35. Nf4 Qb5 36. Qe4 Qe5 37. Qf3 1/2-1/2

[Event "Szuperliga - GM Szabo Laszlo"]
[Site "Mako"]
[Date "2023.10.29"]
[Round "2.7"]
[White "Vanczak, Tamas"]
[Black "Tatar Kis, Szabolcs"]
[Result "1/2-1/2"]
[WhiteElo "2424"]
[BlackElo "2350"]
[PlyCount "60"]
[EventDate "2023.10.28"]
[EventType "team-tourn"]
[EventRounds "9"]
[EventCountry "HUN"]
[Source "chess.hu"]
[WhiteTeam "Viadukt Biatorbagy"]
[BlackTeam "Duocor-Makoi SVSE"]
[WhiteTeamCountry "HUN"]
[BlackTeamCountry "HUN"]

1. d4 Nf6 2. Bf4 g6 3. Nc3 d5 4. e3 Bg7 5. Nf3 O-O 6. Be2 c5 7. dxc5 Nbd7 8.
Nxd5 Nxd5 9. Qxd5 Bxb2 10. O-O Bxa1 11. Rxa1 Qa5 12. Bh6 Qxc5 13. Qb3 Nb6 14.
Qb2 f6 15. Bxf8 Kxf8 16. Nd4 e5 17. Nb3 Qe7 18. Bf3 Bf5 19. Na5 Rc8 20. Rc1 Nc4
21. Nxc4 Rxc4 22. Qxb7 Qxb7 23. Bxb7 Rxc2 24. Rxc2 Bxc2 25. Kf1 Ke7 26. Ke2 Kd6
27. Kd2 Bb1 28. a3 Kc5 29. Kc3 g5 30. g3 h6 1/2-1/2

[Event "Szuperliga - GM Szabo Laszlo"]
[Site "Mako"]
[Date "2023.10.29"]
[Round "2.8"]
[White "Udvardi, Zalan"]
[Black "Pribelszky, Bence"]
[Result "1/2-1/2"]
[WhiteElo "2254"]
[BlackElo "2399"]
[PlyCount "116"]
[EventDate "2023.10.28"]
[EventType "team-tourn"]
[EventRounds "9"]
[EventCountry "HUN"]
[Source "chess.hu"]
[WhiteTeam "Duocor-Makoi SVSE"]
[BlackTeam "Viadukt Biatorbagy"]
[WhiteTeamCountry "HUN"]
[BlackTeamCountry "HUN"]

1. e4 g6 2. d4 Bg7 3. Nc3 a6 4. a4 d6 5. f4 Nf6 6. Nf3 O-O 7. Be3 b6 8. e5 Nfd7
9. h4 c5 10. e6 fxe6 11. h5 gxh5 12. Rxh5 Nf6 13. Rh4 Nc6 14. g4 cxd4 15. Nxd4
Nxd4 16. Bxd4 e5 17. Bf2 Bxg4 18. Rxg4 Nxg4 19. Qxg4 Rxf4 20. Qe6+ Kh8 21. Be3
Rf3 22. Nd5 Qc8 23. Qxc8+ Rxc8 24. Be2 Rh3 25. O-O-O e6 26. Bg4 Rxe3 27. Nxe3
Bh6 28. Kd2 Rc4 29. Bf3 d5 30. Ke2 Rxa4 31. Rh1 Bg5 32. Rg1 h6 33. Nd1 Rd4 34.
Ke1 Kg7 35. Rg4 e4 36. b3 Kf6 37. Be2 Rb4 38. Nc3 h5 39. Rg2 e3 40. Bxh5 Rh4
41. Bf3 Rd4 42. Na4 Bh4+ 43. Ke2 Bf2 44. Nxb6 Rd2+ 45. Kf1 Rxc2 46. Bxd5 Rc1+
47. Ke2 Re1+ 48. Kf3 exd5 49. Nxd5+ Ke5 50. Nb4 Rf1 51. Rg4 a5 52. Nd3+ Kd5 53.
Ke2 Rg1 54. Ra4 Rb1 55. Rxa5+ Kd4 56. Ra4+ Kc3 57. Rc4+ Kxb3 58. Rb4+ Kc2
1/2-1/2

[Event "Szuperliga - GM Szabo Laszlo"]
[Site "Mako"]
[Date "2023.10.29"]
[Round "2.9"]
[White "Szikszai, Bertalan"]
[Black "Mihok-Juhasz, Barbara"]
[Result "1-0"]
[WhiteElo "2263"]
[BlackElo "2232"]
[PlyCount "125"]
[EventDate "2023.10.28"]
[EventType "team-tourn"]
[EventRounds "9"]
[EventCountry "HUN"]
[Source "chess.hu"]
[WhiteTeam "Viadukt Biatorbagy"]
[BlackTeam "Duocor-Makoi SVSE"]
[WhiteTeamCountry "HUN"]
[BlackTeamCountry "HUN"]

1. e4 e5 2. Nf3 Nf6 3. d4 Nxe4 4. Bd3 Nc6 5. dxe5 d5 6. O-O Bg4 7. Bf4 Bc5 8.
h3 Bh5 9. Nc3 Nxc3 10. bxc3 Qe7 11. Rb1 Bb6 12. Bf5 Qc5 13. e6 f6 14. g4 Bg6
15. Be3 Qd6 16. Nd4 Nxd4 17. cxd4 Bxf5 18. gxf5 O-O-O 19. Qf3 g6 20. Kh1 gxf5
21. Qxf5 Rde8 22. Qxf6 Rhf8 23. Qh4 Rxe6 24. Rg1 Re7 25. Rg4 Ref7 26. Rbg1 c6
27. Qg3 Qe6 28. Rh4 Bc7 29. Qg4 Kd7 30. Rh6 Qxg4 31. Rxg4 Re8 32. Kg2 Re6 33.
Rh5 Rg6 34. Rxg6 hxg6 35. Rh6 Rg7 36. Kf3 Ke6 37. Kg4 Bd8 38. Bg5 Bf6 39. Bxf6
Kxf6 40. h4 c5 41. c3 cxd4 42. cxd4 b5 43. Rh8 Rc7 44. Rf8+ Kg7 45. Rd8 Rc2 46.
Rxd5 Rxf2 47. Rxb5 Rxa2 48. Kg5 Rg2+ 49. Kf4 Kh6 50. d5 Kh5 51. Rb8 Rg4+ 52.
Ke5 Rg1 53. Rh8+ Kg4 54. d6 Rd1 55. Ke6 Re1+ 56. Kf6 Rd1 57. Ke7 a5 58. d7 a4
59. d8=Q Rxd8 60. Rxd8 Kxh4 61. Kf6 g5 62. Rh8+ Kg4 63. Rg8 1-0

[Event "Szuperliga - GM Szabo Laszlo"]
[Site "Mako"]
[Date "2023.10.29"]
[Round "2.10"]
[White "Meszaros-Csonka, David"]
[Black "Toth-Goczo, Melinda"]
[Result "0-1"]
[WhiteElo "1871"]
[BlackElo "2209"]
[PlyCount "72"]
[EventDate "2023.10.28"]
[EventType "team-tourn"]
[EventRounds "9"]
[EventCountry "HUN"]
[Source "chess.hu"]
[WhiteTeam "Duocor-Makoi SVSE"]
[BlackTeam "Viadukt Biatorbagy"]
[WhiteTeamCountry "HUN"]
[BlackTeamCountry "HUN"]

1. d4 g6 2. e4 c6 3. Nc3 d5 4. exd5 cxd5 5. Bf4 Bg7 6. Nf3 a6 7. Qd2 Nc6 8.
O-O-O Bg4 9. Be2 Bxf3 10. Bxf3 e6 11. Qe3 Nge7 12. Bg5 h6 13. Bxe7 Nxe7 14. Ne2
Qa5 15. Kb1 Nf5 16. Qb3 b5 17. Rhe1 O-O 18. Qd3 Rfc8 19. g4 Nd6 20. Nc1 Rc4 21.
Nb3 Qb6 22. Rd2 a5 23. c3 b4 24. Rc1 a4 25. Na1 bxc3 26. Rxc3 Rxd4 27. Qe3 Rb8
28. Rdc2 Nc4 29. Qc1 Bf8 30. Re2 Na3+ 31. Rxa3 Bxa3 32. Rc2 Rc4 33. Rxc4 dxc4
34. Qd2 Qxb2+ 35. Qxb2 Rxb2+ 36. Kc1 Rxa2+ 0-1

[Event "Szuperliga - GM Szabo Laszlo"]
[Site "Biatorbagy"]
[Date "2023.12.10"]
[Round "3.1"]
[White "Stevic, Hrvoje"]
[Black "Sipos, Istvan"]
[Result "1/2-1/2"]
[WhiteElo "2541"]
[BlackElo "2456"]
[PlyCount "72"]
[EventDate "2023.10.28"]
[EventType "team-tourn"]
[EventRounds "9"]
[EventCountry "HUN"]
[Source "chess.hu"]
[WhiteTeam "Dunaharaszti MTK"]
[BlackTeam "Viadukt Biatorbagy"]
[WhiteTeamCountry "HUN"]
[BlackTeamCountry "HUN"]

1. e4 e5 2. Nf3 Nc6 3. Nc3 Nf6 4. Bb5 Bb4 5. O-O O-O 6. d3 Bxc3 7. bxc3 d6 8.
Bg5 Qe7 9. Re1 a6 10. Bxc6 bxc6 11. d4 Bg4 12. Qd3 h6 13. Bh4 Qe6 14. Nd2 Nd7
15. f3 Bh5 16. Qc4 c5 17. Bf2 cxd4 18. cxd4 Qxc4 19. Nxc4 exd4 20. Bxd4 f6 21.
Reb1 Rfb8 22. Ne3 Bf7 23. a3 Rxb1+ 24. Rxb1 Rb8 25. Rxb8+ Nxb8 26. Bc3 Nc6 27.
g4 h5 28. h3 hxg4 29. hxg4 d5 30. exd5 Ne7 31. d6 cxd6 32. Bb4 Nd5 33. Nf5 Bg6
34. Nd4 Ne3 35. Bxd6 Nxc2 36. Nxc2 Bxc2 1/2-1/2

[Event "Szuperliga - GM Szabo Laszlo"]
[Site "Biatorbagy"]
[Date "2023.12.10"]
[Round "3.2"]
[White "Bokros, Albert"]
[Black "Grigoriants, Sergey"]
[Result "1/2-1/2"]
[WhiteElo "2460"]
[BlackElo "2544"]
[PlyCount "60"]
[EventDate "2023.10.28"]
[EventType "team-tourn"]
[EventRounds "9"]
[EventCountry "HUN"]
[Source "chess.hu"]
[WhiteTeam "Viadukt Biatorbagy"]
[BlackTeam "Dunaharaszti MTK"]
[WhiteTeamCountry "HUN"]
[BlackTeamCountry "HUN"]

1. e4 e5 2. Nf3 Nc6 3. Bb5 a6 4. Ba4 Nf6 5. d4 exd4 6. O-O Be7 7. e5 Ne4 8.
Nxd4 O-O 9. Nf5 d5 10. exd6 Bxf5 11. dxe7 Nxe7 12. Bb3 Qxd1 13. Rxd1 Rad8 14.
Re1 Nc5 15. Nc3 Nxb3 16. cxb3 Nd5 17. Nxd5 Rxd5 18. Be3 Be6 19. Rac1 c6 20. b4
Rfd8 21. a3 h6 22. f3 Rd3 23. Kf2 Rb3 24. Re2 Rbd3 25. Ree1 Rb3 26. Re2 Rbd3
27. Ree1 Rb3 28. Re2 Rbd3 29. Ree1 Rb3 30. Re2 Rbd3 1/2-1/2

[Event "Szuperliga - GM Szabo Laszlo"]
[Site "Biatorbagy"]
[Date "2023.12.10"]
[Round "3.3"]
[White "Jovanovic, Zoran"]
[Black "Bagi, Mate"]
[Result "1/2-1/2"]
[WhiteElo "2515"]
[BlackElo "2420"]
[PlyCount "118"]
[EventDate "2023.10.28"]
[EventType "team-tourn"]
[EventRounds "9"]
[EventCountry "HUN"]
[Source "chess.hu"]
[WhiteTeam "Dunaharaszti MTK"]
[BlackTeam "Viadukt Biatorbagy"]
[WhiteTeamCountry "HUN"]
[BlackTeamCountry "HUN"]

1. e4 e5 2. Nf3 Nc6 3. Nc3 Nf6 4. Bb5 Bb4 5. O-O O-O 6. d3 Bxc3 7. bxc3 d6 8.
Bg5 Qe7 9. Re1 a6 10. Bxc6 bxc6 11. d4 a5 12. Qc1 Qe6 13. dxe5 dxe5 14. Qa3 Nd7
15. Rad1 Re8 16. Be3 Ba6 17. Rd2 Bc4 18. Ng5 Qe7 19. Qxe7 Rxe7 20. a3 Nf6 21.
Bc5 Rd7 22. Nf3 Rxd2 23. Nxd2 Bb5 24. f3 Nd7 25. Be3 f6 26. Rb1 Kf7 27. c4 Ba6
28. Kf2 Ke6 29. c5 Bb5 30. c4 Ba6 31. Ke2 g6 32. Kd3 h5 33. Kc3 f5 34. exf5+
gxf5 35. Re1 Kf7 36. Nb3 Bc8 37. a4 Nf8 38. Bg5 Ng6 39. Rd1 e4 40. fxe4 fxe4
41. Rf1+ Kg7 42. Bf6+ Kh6 43. Re1 Bf5 44. h4 Nf8 45. Nd4 Kg6 46. Be7 Nd7 47.
Nxc6 Ra6 48. Nd4 Ne5 49. Rf1 Bd7 50. c6 Nxc6 51. Rf6+ Kg7 52. Bd8 Rb6 53. Nxc6
Rxc6 54. Rxc6 Bxc6 55. Bxc7 Bxa4 56. Kd4 Kf6 57. Bxa5 Bd7 58. Bd2 Ke7 59. Ke5
Kd8 1/2-1/2

[Event "Szuperliga - GM Szabo Laszlo"]
[Site "Biatorbagy"]
[Date "2023.12.10"]
[Round "3.4"]
[White "Toth, Ervin"]
[Black "Gonda, Laszlo"]
[Result "0-1"]
[WhiteElo "2423"]
[BlackElo "2490"]
[PlyCount "108"]
[EventDate "2023.10.28"]
[EventType "team-tourn"]
[EventRounds "9"]
[EventCountry "HUN"]
[Source "chess.hu"]
[WhiteTeam "Viadukt Biatorbagy"]
[BlackTeam "Dunaharaszti MTK"]
[WhiteTeamCountry "HUN"]
[BlackTeamCountry "HUN"]

1. d4 Nf6 2. c4 e6 3. Nc3 Bb4 4. a3 Bxc3+ 5. bxc3 c5 6. e3 b6 7. Bd3 Bb7 8. f3
Nc6 9. Ne2 O-O 10. e4 Ne8 11. Be3 Na5 12. dxc5 Qc7 13. cxb6 axb6 14. O-O Nd6
15. c5 Ndc4 16. cxb6 Nxb6 17. Bf2 Ba6 18. Bxa6 Rxa6 19. Qc2 Rfa8 20. Rfb1 Nac4
21. Nd4 h6 22. Nb5 Qc6 23. Rb4 d5 24. Rab1 Nd7 25. exd5 exd5 26. a4 Re8 27. Qf5
Re5 28. Qd3 Ra8 29. Na7 Qe6 30. h3 Re2 31. Nb5 Rd2 32. Qf1 Rc8 33. Nd4 Qg6 34.
Rd1 Ra2 35. Ne2 Nd2 36. Nf4 Qc2 37. Qe2 Nf6 38. Be3 Nc4 39. Qxc2 Rxc2 40. Bd4
g5 41. Nd3 Nh5 42. Re1 Ng3 43. Ne5 Ne2+ 44. Kh1 Nxc3 45. Ng4 Ne2 46. Nxh6+ Kh7
47. Nf5 Re8 48. Bf2 Re5 49. Nd4 Nxd4 50. Rxe5 Nxe5 51. Bxd4 Nc6 52. Rb7 Nxd4
53. Rxf7+ Kg6 54. Rd7 Rc5 0-1

[Event "Szuperliga - GM Szabo Laszlo"]
[Site "Biatorbagy"]
[Date "2023.12.10"]
[Round "3.5"]
[White "Csiki, Endre"]
[Black "Torma, Robert"]
[Result "1/2-1/2"]
[WhiteElo "2341"]
[BlackElo "2409"]
[PlyCount "61"]
[EventDate "2023.10.28"]
[EventType "team-tourn"]
[EventRounds "9"]
[EventCountry "HUN"]
[Source "chess.hu"]
[WhiteTeam "Dunaharaszti MTK"]
[BlackTeam "Viadukt Biatorbagy"]
[WhiteTeamCountry "HUN"]
[BlackTeamCountry "HUN"]

1. e4 e6 2. d4 d5 3. exd5 exd5 4. Nf3 Nc6 5. Bb5 Bd6 6. c4 dxc4 7. d5 a6 8. Ba4
b5 9. dxc6 bxa4 10. O-O Ne7 11. Nbd2 Be6 12. Qxa4 Bd5 13. Nxc4 Bxc6 14. Nxd6+
Qxd6 15. Qg4 O-O 16. Bf4 Qb4 17. a3 Qb7 18. Rac1 Ng6 19. Ne5 h5 20. Qg5 Nxe5
21. Qxe5 Bxg2 22. Rxc7 Qd5 23. Qxd5 Bxd5 24. Rc5 Bf3 25. Rc3 Be2 26. Re1 Rfe8
27. f3 Bb5 28. Rxe8+ Rxe8 29. Be3 f6 30. Kf2 Kf7 31. Rc7+ 1/2-1/2